000
00269nam a2200097Ia 4500
008
120527s9999 xx 000 0 und d
100
_a
CIRIA
245
_a
A guide to the control of substance hazardoud to health in design
260
_b
CIRIA&Thomas Telford
942
_c
BK
999
_c
21808
_d
21808